Najmniej zalesione państwa - Statystyki

Ogólne statystyki
  • Ten quiz został rozwiązany 11 779 razy
    6 573 od ostatniego zresetowania
  • Średni wynik to 10 z 20
Statystyki odpowiedzi
Procent zalesienia Kontynent Państwo % Poprawnych
0,0583 Afryka Egipt
86%
0,0652 Azja Arabia Saudyjska
76%
0,686 Afryka Algieria
74%
0,0842 Afryka Libia
69%
0,145 Azja Oman
69%
0,596 Azja Irak
67%
0,894 Azja Jemen
67%
0,929 Azja Katar
67%
0,648 Azja Zjednoczone Emiraty Arabskie
65%
0,667 Afryka Niger
58%
0,425 Azja Kuwejt
57%
0,204 Azja Jordania
49%
0,270 Afryka Mauretania
49%
0,361 Europa Islandia
40%
1,44 Oceania Nauru
35%
0,184 Azja Turkmenistan
29%
0,641 Azja Uzbekistan
29%
0,0947 Afryka Dżibuti
24%
0,713 Oceania Wyspy Marshalla
23%
1,39 Azja Malediwy
17%
Nie znaleziono quizów pasujących do podanych kryteriów
Rozkład punktacji
Procent ludzi z każdym wynikiem
Percentyl według liczby udzielonych odpowiedzi
Twoja historia wyników
Nie rozwiązałeś tego quizu od ostatniego zresetowania